Camino a las elecciones: dolores del pacto
Saved in:
| Format: | Text |
|---|---|
| Subjects: | |
| Tags: |
Add Tag
No Tags, Be the first to tag this record!
|
MARC
| LEADER | 00000 a a2200000 04500 | ||
|---|---|---|---|
| 001 | 7130 | ||
| 003 | |||
| 040 | |||
| 245 | |a Camino a las elecciones: |b dolores del pacto | ||
| 650 | |a POLITICA | ||
| 650 | |a ELECCIONES | ||
| 650 | |a PARTICIPACION POLITICA | ||
| 650 | |a PARTIDOS POLITICOS | ||
| 773 | |g volumen 19, número 220; páginas 3-11 | ||
| 999 | |c 39790 |d 39790 | ||
